LEADER 04543 am 2201057 n 450 001 9910500604403321 005 20210923 010 $a2-7283-1508-6 024 7 $a10.4000/books.efr.21343 035 $a(CKB)4100000012042879 035 $a(FrMaCLE)OB-efr-21343 035 $a(oapen)https://directory.doabooks.org/handle/20.500.12854/85196 035 $a(PPN)257963154 035 $a(EXLCZ)994100000012042879 100 $a20211009j|||||||| ||| 0 101 0 $afre 135 $auu||||||m|||| 181 $ctxt$2rdacontent 182 $cc$2rdamedia 183 $acr$2rdacarrier 200 10$aPanthéons de la Renaissance $eMémoires et histoires des hommes et femmes illustres (v. 1350-1700) /$fÉlisabeth Crouzet-Pavan, Jean-Baptiste Delzant, Clémence Revest 210 $aRome $cPublications de l?École française de Rome$d2021 215 $a1 online resource (294 p.) 225 1 $aCollection de l'École française de Rome 311 $a2-7283-1507-8 330 $aLes listes d?hommes et de femmes illustres ont envahi, sous des formes extrêmement variées, la production littéraire et iconographique de l?Europe des XIVe-XVIIe siècles. Par-delà le constat de la fortune du genre et l?inventaire de ses avatars, cet ouvrage s?intéresse à la façon dont cette spectaculaire efflorescence de collections de noms, de biographies et d?images traduit un rapport spécifique à l?histoire et à la grandeur de l?humanité, qui caractérise l?imaginaire de la Renaissance. Les assemblées héroïques ainsi constituées, réarrangées, continuées jusqu?à l?âge présent, révèlent les évolutions des modèles de l?exemplarité individuelle et des pratiques commémoratives, fondées notamment sur l?instrumentalisation généalogique du passé et la mise en scène glorieuse de l?actualité. De Boccace à Montaigne et Charles Perrault, de l?Italie des seigneurs-condottières à l?Empire des Habsbourg, des humanistes dalmates aux ligueurs français, ce livre fait émerger certains des principaux motifs et vecteurs d?une vogue des grands hommes qui a prospéré à l?âge de l?humanisme et de l?imprimé, les stratégies politiques et identitaires qu?elle recelait, mais aussi son érosion progressive, au profit d?autres idéaux et au service d?autres enjeux. 606 $aHistory 606 $ahistoriographie 606 $ahéros 606 $abiographies 606 $acommémoration 606 $aportraits 606 $alittérature médiévale 606 $ahumanisme 606 $aAntiquité 606 $alumières 606 $ahistoriography 606 $aheros 606 $acommemoration 606 $amedieval literature 606 $arenaissance humanism 606 $aclassical antiquity 606 $aenlightenment 610 $ahistoriography 610 $aheros 610 $abiographies 610 $acommemoration 610 $aportraits 610 $amedieval literature 610 $arenaissance humanism 610 $aclassical antiquity 610 $aenlightenment 615 4$aHistory 615 4$ahistoriographie 615 4$ahéros 615 4$abiographies 615 4$acommémoration 615 4$aportraits 615 4$alittérature médiévale 615 4$ahumanisme 615 4$aAntiquité 615 4$alumières 615 4$ahistoriography 615 4$aheros 615 4$acommemoration 615 4$amedieval literature 615 4$arenaissance humanism 615 4$aclassical antiquity 615 4$aenlightenment 700 $aBalsamo$b Jean$01284229 701 $aBartuschat$b Johannes$0598737 701 $aBizzocchi$b Roberto$0136771 701 $aCerquiglini-Toulet$b Jacqueline$0221373 701 $aDelzant$b Jean-Baptiste$01302411 701 $aDesan$b Philippe$0143416 701 $aGhermani$b Naïma$01236312 701 $aIrace$b Erminia$0303900 701 $aJouhaud -$b Christian$0506262 701 $aRabinovitch$b Oded$01185510 701 $aRevest$b Clémence$01282536 701 $aRideau-Kikuchi$b Catherine$01308809 701 $a?poljari?$b Luka$01308810 701 $aThiec$b Guy Le$01308811 701 $aCrouzet-Pavan$b Élisabeth$0153045 701 $aDelzant$b Jean-Baptiste$01302411 701 $aRevest$b Clémence$01282536 801 0$bFR-FrMaCLE 906 $aBOOK 912 $a9910500604403321 996 $aPanthéons de la Renaissance$93029198 997 $aUNINA LEADER 02949oam 2200709 c 450 001 9910915892703321 005 20220221094418.0 010 $a3-96975-242-6 024 3 $a9783969752425 035 $a(MiAaPQ)EBC6811339 035 $a(Au-PeEL)EBL6811339 035 $a(CKB)19919369000041 035 $a(Brill | mentis)9783969752425 035 $a(EXLCZ)9919919369000041 100 $a20220221d2021 uy 0 101 0 $ager 135 $aurcnu|||||||| 181 $ctxt$2rdacontent 182 $cc$2rdamedia 183 $acr$2rdacarrier 200 10$aInhibition$eEine Studie u?ber Handlungs- und Selbstkontrolle$fGregor Hochstetter 205 $a1st ed. 210 $aPaderborn$cBrill | mentis$d2021 215 $a1 online resource (197 pages) 311 08$aPrint version: Hochstetter, Gregor Inhibition Boston : BRILL,c2021 9783957432421 330 $aWorin besteht der Unterschied zwischen dem, was ein Akteur tut, und dem, was ihm lediglich widerfa?hrt? Den Kontrast zwischen Handlungen und bloßen Ereignissen zu erkla?ren, ist das zentrale Problem der Handlungstheorie. Bisher gingen Philosophinnen und Philosophen stets davon aus, dass der Unterschied zwischen aktivem und passivem Verhalten allein durch Verweis auf die besonderen Produktionsbedingungen von Handlungen erkla?rt werden ko?nne. Aber dies ist nicht der Fall. Die Kernthese dieser Arbeit ist, dass Handlungen nur verstanden und erkla?rt werden ko?nnen, wenn man sowohl die produktiven als auch die inhibitorischen Aspekte von Handlungskontrolle beru?cksichtigt. Trotz der Bedeutung inhibitorischer Kontrolle im Alltag gibt es derzeit weder eine philosophische Auseinandersetzung damit noch einen philosophischen Ansatz, der inhibitorische Kontrolle erkla?ren wu?rde. Das Ziel des Buches ist es, diese Lu?cke in der philosophischen Forschungsliteratur zu schließen. 606 $aHandlung 606 $aHandlungskontrolle 606 $aInhibition 606 $aWillenskraft 606 $aanarchisches Hand Syndrom 606 $aAffordanz 606 $aPluralismusaction 606 $aagency 606 $aaction control 606 $ainhibition 606 $aproblem of action 606 $aaffordance 606 $aanarchic hand syndrome 606 $ainhibitory control 615 4$aHandlung 615 4$aHandlungskontrolle 615 4$aInhibition 615 4$aWillenskraft 615 4$aanarchisches Hand Syndrom 615 4$aAffordanz 615 4$aPluralismusaction 615 4$aagency 615 4$aaction control 615 4$ainhibition 615 4$aproblem of action 615 4$aaffordance 615 4$aanarchic hand syndrome 615 4$ainhibitory control 700 $aHochstetter$b Gregor$4aut$01779122 801 0$bMiAaPQ 801 1$bMiAaPQ 801 2$bMiAaPQ 906 $aBOOK 912 $a9910915892703321 996 $aInhibition$94302375 997 $aUNINA LEADER 05439nam 22007095 450 001 9910898595103321 005 20250626164304.0 010 $a9789819739332 010 $a9819739330 024 7 $a10.1007/978-981-97-3933-2 035 $a(CKB)36457096600041 035 $a(MiAaPQ)EBC31850606 035 $a(Au-PeEL)EBL31850606 035 $a(OCoLC)1472497087 035 $a(DE-He213)978-981-97-3933-2 035 $a(EXLCZ)9936457096600041 100 $a20241025d2025 u| 0 101 0 $aeng 135 $aur||||||||||| 181 $ctxt$2rdacontent 182 $cc$2rdamedia 183 $acr$2rdacarrier 200 10$aEnvironmental Humanities in India /$fedited by Debajyoti Biswas, John C. Ryan 205 $a1st ed. 2025. 210 1$aSingapore :$cSpringer Nature Singapore :$cImprint: Springer,$d2025. 215 $a1 online resource (326 pages) 225 1 $aAsia in Transition,$x2364-8260 ;$v25 311 08$a9789819739325 311 08$a9819739322 327 $aIntroduction: Environmental Humanities in India -- 2. Indigenous Native Epistemology as A Model in Environmental Humanities in India -- 3. The Environment in Hindu Consciousness: Revisiting the Sacred Texts -- 4. Cultural Practices and Indigenous Traditions of the Garo and Bodo: Reinterpreting 'Man-Nature' Convergences in Wangala and Bathou -- 5. Indigenous Nature Conservation in Meghalaya: Environmental and Religious Dimensions of Tribal Land Ownership Among the Khasi Community -- 6. Philosophy for Environmental Policy and Law in India -- 7. The Secular in Ecological Consciousness -- 8. Multispecies Conviviality, Bioregionalism, And Vegetal Politics in Kodagu, India -- 9. ?When The Black Half of The Kunni Seed Whitens?: Plant-Lore and The Plantationocene in Ambikasuthan Mangad?s Swarga -- 10. Mourning the Loss of Mother Earth: Reclaiming the Path of Recovery in Akkineni Kutumbarao?s Softy Dies a Lake -- 11. ?Leave City, Leave Reality; Enter Forest, Enter Fantasy?: Representing Ecotopian Space as a Protest against Urbanization in Bibhutibhusan Bandyopadhyay?s Literary Oeuvre -- 12. Connecting and Creating Narratives: Interrogating Myth and Identity in Ghosh?s Gun Island -- 13. Amitav Ghosh?s Storyworlds for Environmental Dwelling: Multimodal Iterations and Performativity in/of Jungle Nama: A Story of the Sundarban -- 14. Ecomusicology in India: Voicing the Unvoiced Anthropocene through Popular Culture. 330 $aThis open access book offers an introduction to the field of the environmental humanities in India. The environmental humanities, often referred to as ?EH?, are a multifaceted, relatively new, and swiftly evolving field of scholarship that integrates the theories and approaches of various disciplines - from anthropology, art, communications, cultural studies, philosophy and ecology to history, literature, media, music, performance, politics, sociology, theology and theater. Practitioners of this considerably integrative and widely ranging field aim to address and, in certain cases, confront today's urgent ecological and cultural challenges, namely climate change, urban sustainability, biodiversity conservation, species decline, energy policy, the exigencies of the Anthropocene, environmental activism, and Indigenous peoples' justice. Although the environmental humanities have been relatively slow to gain traction in South Asia, an increasing momentum towards transdisciplinary approaches to ecology and sustainability is palpable in India. Comprising fourteen chapters, this contributed volume is the first major publication to call attention to current work in the environmental humanities in India. The volume foregrounds particular ecohumanist theories and methodologies evolving from Indian biocultural contexts. Towards this aim, the book consists of four thematic sections: Indigenous Perspectives: Conservation, Spirituality, and Language; Theoretical Grounding: Education, Law, and Ethics; Literary Formulations: Memoir, Parable, and Storyworlds; and Popular Narratives: Myth, Travel, and Music. The volume is of interest to undergraduates, postgraduates, early career scholars, and more established researchers in the environmental humanities and the allied fields of ecopoetics, ecocriticism, ecomusicology, environmental art, cultural ecology, postcolonial studies, and South Asian studies. This is an open access book. 410 0$aAsia in Transition,$x2364-8260 ;$v25 606 $aEcocriticism 606 $aOriental literature 606 $aSex 606 $aMusic$xHistory and criticism 606 $aArt, Modern$y21st century 606 $aEcocriticism 606 $aAsian Literature 606 $aGender Studies 606 $aContemporary Music 606 $aContemporary Art 615 0$aEcocriticism. 615 0$aOriental literature. 615 0$aSex. 615 0$aMusic$xHistory and criticism. 615 0$aArt, Modern 615 14$aEcocriticism. 615 24$aAsian Literature. 615 24$aGender Studies. 615 24$aContemporary Music. 615 24$aContemporary Art. 676 $a809.933553 700 $aBiswas$b Debajyoti$01789313 701 $aRyan$b John$g(John Charles)$c(Poet)$0282649 801 0$bMiAaPQ 801 1$bMiAaPQ 801 2$bMiAaPQ 906 $aBOOK 912 $a9910898595103321 996 $aEnvironmental Humanities in India$94521233 997 $aUNINA